01170nam a22003497a 4500003000400000005001700004008004100021040002200062082001800084100002900102245007000131260002900201300001900230366000800249490002500257505001700282505002300299505001300322505002100335505001500356505001800371505001700389505007700406505001700483650004100500650004400541650005500585650004800640650004300688650004500731651004400776OSt20230519090249.0221006b |||||||| |||| 00| 0 eng d cBiblioteca Lado V a701.18bA658t aAraeen, Rasheedeeditora aThird Text/bCritical Perspectives on Contemporary Art & Culture/ bRoutledgec2002aLondres c19x25cma222p. espa a2v59v16x0952-8822 aNancy Jachec aTimothy A. Hickman aJen Webb aGregory Sholette aRalph Hajj aTimothy Brown aPam Johnston aReviewsgIrene Violet Small Susan Pui San Lok Ian McLean Sophia Phoca aContributors 2Tesauro de Arte & ArquitecturaaARTE 2Tesauro de Arte & ArquitecturaaCRITICA 2Tesauro de Arte & ArquitecturaaARTE CONTEMPORANEO 2Tesauro de Arte & ArquitecturaaAPRECIACION 2Tesauro de Arte & ArquitecturaaTEORIA 2Tesauro de Arte & ArquitecturaaANALISIS 2Tesauro de Arte & ArquitecturaaLONDRES